Générique Dragon Ball - Paroles - Statistiques

Statistiques générales
  • Ce quiz a été pris 58 fois
  • Le résultat moyen est 7 sur 9
Statistiques - réponses
Paroles % Correct
Dragon {Ball}
100%
Des sept boules de {cristal}
95%
Dragon {Ball}
91%
Du bien contre le {mal}
91%
Du bien contre le {mal}
91%
Venues des {étoiles}
74%
La quête {finale}
56%
Pour un {idéal}
42%
Combat {glacial}
32%
Aucun quiz correspondant
Distribution des résultats
% des personnes avec chaque résultat
Percentile par nombre de réponses
Votre historique - résultats
Vous n’avez pas pris ce quiz